| 000 | 00797cam a2200241 a 4500 | ||
|---|---|---|---|
| 001 | 000004987 | ||
| 005 | 20200929151541.0 | ||
| 008 | 920513s1988 sp a 001 p spa | ||
| 020 | _a8476580819 | ||
| 040 |
_aDO-SdBNP _cDLC _dDLC |
||
| 082 |
_a861.6 _bR892g |
||
| 100 | 1 |
_aRoyo, Jordi. _914394 |
|
| 245 | 1 | 3 |
_aIl gobbo : _bpoesía reunida, 1980-1986 / _cJordi Royo ; prólogo, Juan Antonio Masoliver. |
| 260 |
_aBarcelona : _bAnthropos, _c1988. |
||
| 300 |
_a150 p. : _bil. ; _c20 cm. |
||
| 490 | 1 |
_aÁmbitos literarios ; _vno. 90 |
|
| 490 | 1 |
_aPoesía ; _vno. 90 |
|
| 500 | _a"Premios Ámbito Literario 1982-1987". | ||
| 650 | 4 |
_aPoesía española _9631 |
|
| 650 | 4 |
_aLiteratura española _9632 |
|
| 830 | 0 |
_aAmbitos literarios/Poesía ; _vno. 90 _914395 |
|
| 910 | _aCatalogación por copia / LC | ||
| 999 |
_c4793 _d4793 |
||